[Event "Memorial J.Donner (open)"]
[Site "masterchessopen.com Amsterdam (Netherlands)"]
[Round "3"]
[White "Nijboer Friso (NED)"]
[Black "Kalinin Alexander (RUS)"]
[Result "1-0"]
[WhiteElo "2485"]
[BlackElo "2365"]

1.e4 c5 2.Nf3 Nc6 3.d4 cxd4 4.Nxd4 e6 5.Nc3 Qc7 6.Be3 a6 7.Bd3 Nf6 8.O-O Ne5
9.h3 Bc5 10.f4 Nc6 11.Nf5 Bxe3+ 12.Nxe3 d6 13.Qe1 O-O 14.Qh4 Nb4 15.e5 { ! }
15...dxe5 ( 15...Nxd3 16.exf6 Nc5 17.Qg5 { +?? } ) 16.Ng4 { ! } 16...Nxd3
17.Nxf6+ gxf6 18.Ne4 { ! } 18...Nxf4 19.Rxf4 { ! } 19...exf4 {#r} 1-0

[Event "It (open)"]
[Site "masterchessopen.com Haarlem (Netherlands)"]
[Round "4"]
[White "Middelburg Tom (NED)"]
[Black "Horvath Jozsef M (HUN)"]
[Result "0-1"]
[WhiteElo "2370"]
[BlackElo "2104"]

1.e4 c5 2.Nf3 Nc6 3.d4 cxd4 4.Nxd4 Qc7 5.Nc3 e6 6.Be3 a6 7.f4 b5 8.Qf3 Bb7
9.Bd3 Nf6 10.g4 h6 11.Nb3 d5 12.exd5 Nb4 13.Bd2 Nfxd5 14.Be4 Nxc2+ 15.Kf2 Nxa1
16.Bxd5 exd5 17.Nxd5 Bxd5 18.Qxd5 Rd8 19.Qe4+ Be7 20.Rxa1 O-O 21.Kg2 Qd7 22.h3
Bf6 {#R} 0-1

[Event "Ch Europe (juniors) (under 14)"]
[Site "masterchessopen.com Verdun (France)"]
[Round "1"]
[White "Fraas Martin (SVK)"]
[Black "Fressinet Laurent (FRA)"]
[Result "0-1"]
[WhiteElo "2250"]
[BlackElo "2145"]

1.e4 c5 2.Nf3 Nc6 3.d4 cxd4 4.Nxd4 Qc7 5.Nc3 e6 6.Be3 a6 7.Qd2 Nf6 8.Be2 Bb4
9.f3 O-O 10.O-O d5 11.Nxc6 bxc6 12.Bd3 c5 13.exd5 exd5 14.a3 Ba5 15.Bf4 Qb6
16.Na4 Bxd2 17.Nxb6 Bxf4 18.Nxa8 c4 19.Be2 Be6 20.Nc7 Bxc7 21.b3 g6 22.bxc4
dxc4 23.Rab1 Re8 24.Rb4 Bd5 25.Bxc4 a5 {#R} 0-1

[Event "Czech League 1995/96 (1st)"]
[Site "masterchessopen.com Czech Republic"]
[Round "10"]
[White "Vyhnalek Bohuslav (CZE)"]
[Black "Efler David (CZE)"]
[Result "0-1"]
[WhiteElo "2156"]
[BlackElo "2208"]

1.e4 c5 2.Nf3 e6 3.d4 cxd4 4.Nxd4 Nc6 5.Nc3 a6 6.Be3 Qc7 7.Bd3 Nf6 8.Nxc6 bxc6
9.O-O d5 10.exd5 cxd5 11.Na4 Rb8 12.c4 Bd6 13.Rc1 Bxh2+ 14.Kh1 d4 15.Bxd4 Bf4
16.Rb1 e5 17.Bc3 O-O 18.b3 Qe7 19.g3 Qe6 20.Be2 Qh3+ 21.Kg1 Bb7 22.Bf3 Ng4
{#R} 0-1

[Event "Ch Yugoslavia (1/2 final) (open)"]
[Site "masterchessopen.com Kladovo (Yugoslavia)"]
[Round "8"]
[White "Todorovic Goran M (SRB)"]
[Black "Djukic Zeljko (SRB)"]
[Result "1-0"]
[WhiteElo "2480"]
[BlackElo "2380"]

1.e4 c5 2.Nf3 Nc6 3.d4 cxd4 4.Nxd4 Qc7 5.Nc3 e6 6.Be3 a6 7.Qd2 Nf6 8.f3 Ne5
9.Nb3 d6 10.O-O-O Be7 11.f4 Nc4 12.Bxc4 Qxc4 13.e5 dxe5 14.fxe5 Nd7 15.Bg5 Bb4
16.Qe3 Bxc3 17.bxc3 b5 18.Rd4 Qc7 19.Rhd1 O-O 20.Bf6 Nxf6 21.exf6 Qxh2 22.Rg4
e5 23.Qg5 {#r} 1-0

[Event "It (open)"]
[Site "masterchessopen.com La Pobla de Lillet (Spain)"]
[Round "0"]
[White "Garcia Gildardo (COL)"]
[Black "Lukov Valentin (BUL)"]
[Result "1-0"]
[WhiteElo "2495"]
[BlackElo "2480"]

1.e4 c5 2.Nf3 e6 3.d4 cxd4 4.Nxd4 Nc6 5.Nc3 Qc7 6.Be3 a6 7.Bd3 Nf6 8.O-O Bd6
9.f4 Nxd4 10.e5 Bxe5 11.fxe5 Qxe5 12.Qd2 Nc6 13.Rae1 O-O 14.Bb6 Qh5 15.Rxf6
gxf6 16.Ne4 Kg7 17.Re3 Ne5 18.Bd4 d6 19.Rg3+ Kh8 20.Nxf6 Qh4 21.Qf2 Nf3+
22.gxf3 e5 23.Nxh7 {#r} 1-0

[Event "It (open)"]
[Site "masterchessopen.com Novorossijsk (Russia)"]
[Round "0"]
[White "Dashko Andrey (RUS)"]
[Black "Beshukov Sergei (RUS)"]
[Result "0-1"]
[WhiteElo "2337"]
[BlackElo "2460"]

1.e4 c5 2.Nf3 Nc6 3.d4 cxd4 4.Nxd4 e6 5.Nc3 Qc7 6.Be3 a6 7.Bd3 Nf6 8.O-O Ne5
9.h3 d6 10.f4 Ned7 11.Qf3 Be7 12.Rae1 O-O 13.g4 Nc5 14.g5 Nfd7 15.Nf5 exf5
16.Nd5 Qd8 17.exf5 Bf6 18.gxf6 Nxf6 19.Ne7+ Kh8 20.Bd4 Ng8 21.f6 gxf6 22.f5
Nd7 {#R} 0-1

[Event "It (open)"]
[Site "masterchessopen.com Villa Ballester (Argentina)"]
[Round "7"]
[White "Uncal Jose (ARG)"]
[Black "Caramia Javier (ARG)"]
[Result "0-1"]
[WhiteElo "2117"]
[BlackElo "2142"]

1.e4 c5 2.Nf3 e6 3.d4 cxd4 4.Nxd4 Nc6 5.Nc3 a6 6.Be3 Qc7 7.Bd3 b5 8.O-O Bb7
9.Kh1 Nf6 10.Nde2 Be7 11.Ng3 h5 12.f4 h4 13.Nge2 Ng4 14.Bg1 b4 15.Na4 h3
16.Ng3 hxg2+ 17.Kxg2 f5 18.c3 Rxh2+ 19.Bxh2 Ne3+ {#R} 0-1

[Event "Ch World (seniors)"]
[Site "masterchessopen.com Bad Wildbad (Germany)"]
[Round "3"]
[White "Rosen Willy (GER)"]
[Black "Wicklund-Hansen Richard (NOR)"]
[Result "1-0"]
[WhiteElo "2285"]
[BlackElo "1881"]

1.e4 c5 2.Nf3 e6 3.d4 cxd4 4.Nxd4 a6 5.Nc3 Qc7 6.Be3 Nc6 7.Bd3 b5 8.Qd2 Bb7
9.f4 Nf6 10.e5 b4 11.Ncb5 Qd8 12.exf6 axb5 13.Nxb5 gxf6 14.Qf2 Ra6 15.O-O d5
16.c3 bxc3 17.bxc3 Rg8 18.a4 Na5 19.Rfd1 Rc6 20.Nd4 Rc8 21.Bb5+ Ke7 22.Nf5+
exf5 23.Bc5+ Rxc5 24.Qxc5+ {#r} 1-0

[Event "It (b)"]
[Site "masterchessopen.com Balatonbereny (Hungary)"]
[Round "10"]
[White "Pirisi Gabor (HUN)"]
[Black "Holzmann Herbert (AUT)"]
[Result "0-1"]
[WhiteElo "2355"]
[BlackElo "2210"]

1.e4 c5 2.Nf3 Nc6 3.d4 cxd4 4.Nxd4 e6 5.Nc3 a6 6.Be3 Qc7 7.g3 b5 8.Bg2 Bb7
9.O-O Rc8 10.a3 Nf6 11.Nde2 Be7 12.h3 O-O 13.g4 Ne5 14.g5 Nh5 15.Nd4 g6
16.Nce2 Rfd8 17.f4 Nc4 18.Bc1 e5 19.fxe5 Qxe5 20.b3 Nd6 21.Nf4 Ng3 22.Nxg6
hxg6 23.Bf4 Qxd4+ {#R} 0-1

[Event "It (open)"]
[Site "masterchessopen.com Biel (Switzerland)"]
[Round "11"]
[White "Illijin Neboisa (ROM)"]
[Black "Handke Florian (GER)"]
[Result "1-0"]
[WhiteElo "2310"]
[BlackElo "2255"]

1.e4 c5 2.Nf3 e6 3.d4 cxd4 4.Nxd4 Nc6 5.Be3 Qc7 6.Nc3 a6 7.Bd3 Nf6 8.f4 Nxd4
9.Bxd4 Qxf4 10.g3 Qd6 11.Bxf6 gxf6 12.Rf1 Qe5 13.Qf3 Bg7 14.O-O-O b5 15.Rde1
O-O 16.Nd1 a5 17.h4 b4 18.Ne3 h5 19.Nc4 Qc5 20.e5 Ba6 21.Qxh5 f5 22.Rf4 a4
23.Rg4 Rfc8 24.Nd6 f4 25.Bh7+ {#r} 1-0

[Event "It (open)"]
[Site "masterchessopen.com Cseppko (Hungary)"]
[Round "9"]
[White "Bukta Tamas (HUN)"]
[Black "Kovacs Zoltan (HUN)"]
[Result "0-1"]
[WhiteElo "1978"]
[BlackElo "2146"]

1.e4 c5 2.Nf3 e6 3.d4 cxd4 4.Nxd4 a6 5.Nc3 Nc6 6.Be3 Qc7 7.Bd3 Nf6 8.O-O h5
9.h3 Bd6 10.Nxc6 dxc6 11.f4 e5 12.f5 Bd7 13.Na4 c5 14.b4 Bxa4 {#R} 0-1

[Event "Ch Denmark (juniors)"]
[Site "masterchessopen.com Denmark"]
[Round "6"]
[White "Bobras Piotr (POL)"]
[Black "Gustafsson Jan (GER)"]
[Result "0-1"]
[WhiteElo "2330"]
[BlackElo "2375"]

1.e4 c5 2.Nf3 Nc6 3.d4 cxd4 4.Nxd4 e6 5.Nc3 Qc7 6.Be3 a6 7.Bd3 Nf6 8.O-O h5
9.h3 Nxd4 10.Bxd4 Bc5 11.Bxc5 Qxc5 12.Qd2 d6 13.Rae1 Bd7 14.e5 dxe5 15.Qg5 Bc6
16.Be4 O-O-O 17.Qxg7 Qe7 18.Qg5 Rhg8 19.Qh4 Rd4 20.f3 Qc5 21.Qf2 {#R} 0-1

[Event "It (cat.7)"]
[Site "masterchessopen.com Lippstadt (Germany)"]
[Round "5"]
[White "Slobodjan Roman (GER)"]
[Black "Liang Jinrong (CHN)"]
[Result "0-1"]
[WhiteElo "2550"]
[BlackElo "2425"]

1.e4 c5 2.Nf3 Nc6 3.d4 cxd4 4.Nxd4 Qc7 5.Nc3 e6 6.Be3 a6 7.Bd3 Nf6 8.O-O Ne5
9.h3 Bc5 10.Kh1 d6 11.f4 Ng6 12.Qe1 O-O 13.f5 Ne5 14.Qg3 Kh8 15.Qh4 b5 16.g4
exf5 17.gxf5 Bb7 18.Rg1 Rg8 19.Raf1 d5 20.Rf4 Nxd3 21.cxd3 dxe4 22.Nxe4 Qb6
{#R} 0-1

[Event "It (open)"]
[Site "masterchessopen.com Salgotarjan (Hungary)"]
[Round "9"]
[White "Czebe Attila (HUN)"]
[Black "Horvath Gyula (HUN)"]
[Result "0-1"]
[WhiteElo "2480"]
[BlackElo "2460"]

1.e4 c5 2.Nf3 Nc6 3.d4 cxd4 4.Nxd4 Qc7 5.Nc3 e6 6.Be3 a6 7.Qd2 Nf6 8.f3 Bb4
9.a3 Be7 10.g4 h6 11.O-O-O b5 12.Bf4 e5 13.Nf5 exf4 14.Nd5 Nxd5 15.exd5 Bf6
16.dxc6 dxc6 17.Nd6+ Kf8 18.h4 Be6 19.c4 c5 20.cxb5 Bd4 21.Qxf4 Rd8 {#R} 0-1

[Event "It (open)"]
[Site "masterchessopen.com Vantaa (Finland)"]
[Round "1"]
[White "Berzinsh Roland (LAT)"]
[Black "Perman Torvald (FIN)"]
[Result "1-0"]
[WhiteElo "2440"]
[BlackElo "2036"]

1.e4 c5 2.Nc3 e6 3.Nge2 Nc6 4.d4 cxd4 5.Nxd4 a6 6.Be3 Qc7 7.Bd3 Nf6 8.O-O Ne5
9.h3 Bc5 10.Qe2 d6 11.f4 Nc6 12.Nb3 Bxe3+ 13.Qxe3 O-O 14.Rae1 e5 15.fxe5 Nxe5
16.Rxf6 gxf6 17.Nd5 Qd8 18.Qh6 Ng6 19.Rf1 f5 20.exf5 Qh4 21.Ne7+ Qxe7 22.f6
{#r} 1-0

[Event "It (open)"]
[Site "masterchessopen.com Bad Wiessee (Germany)"]
[Round "1"]
[White "Lobron Eric (GER)"]
[Black "Barten Ralf (GER)"]
[Result "1-0"]
[WhiteElo "2540"]
[BlackElo "2049"]

1.e4 c5 2.Nf3 e6 3.Nc3 Nc6 4.d4 cxd4 5.Nxd4 a6 6.Be3 Qc7 7.Bd3 Nf6 8.O-O b5
9.f4 Nxd4 10.Bxd4 Bc5 11.Bxc5 Qxc5+ 12.Kh1 b4 13.Nb1 e5 14.fxe5 Qxe5 15.Nd2 d6
16.Nc4 Qe7 17.Nxd6+ Qxd6 18.e5 Qc6 19.exf6 Bb7 20.Re1+ Kf8 21.fxg7+ Kxg7
22.Qg4+ {#r} 1-0

[Event "It"]
[Site "masterchessopen.com Cali (Colombia)"]
[Round "2"]
[White "Salazar Juan Fernand (COL)"]
[Black "Sanchez Victor (COL)"]
[Result "1-0"]
[WhiteElo "2231"]
[BlackElo "2350"]

1.e4 c5 2.Nf3 Nc6 3.d4 cxd4 4.Nxd4 e6 5.Nc3 Qc7 6.Be3 a6 7.f4 b5 8.Nxc6 Qxc6
9.Bd3 Nf6 10.e5 b4 11.Ne2 Ng4 12.Bd4 Bb7 13.Ng3 Qxg2 14.Rg1 Qh3 15.Qe2 Be7
16.O-O-O f5 17.exf6 Nxf6 18.f5 Rd8 19.Kb1 a5 20.Rde1 Bd5 21.Bb5 Bc6 {#r} 1-0

[Event "It (open)"]
[Site "masterchessopen.com Cannes (France)"]
[Round "6"]
[White "Mrdja Milan (CRO)"]
[Black "Kogan Artur (ISR)"]
[Result "0-1"]
[WhiteElo "2430"]
[BlackElo "2485"]

1.e4 c5 2.Nf3 Nc6 3.d4 cxd4 4.Nxd4 Qc7 5.Nc3 e6 6.Be3 a6 7.Bd3 b5 8.O-O Bb7
9.Kh1 Nf6 10.a3 h5 11.f3 h4 12.Qd2 Ne5 13.Rae1 Rc8 14.Nde2 h3 15.g4 d5 16.exd5
Nxd5 17.Nxd5 Bxd5 18.Nd4 Bc5 19.Kg1 Rh4 20.Be2 Qb7 21.Kf2 Bc4 22.Kg3 Be7
23.Rd1 Qc7 24.f4 Bxe2 25.Qxe2 Nxg4 {#R} 0-1

[Event "Olympiad"]
[Site "masterchessopen.com Elista (Russia)"]
[Round "2"]
[White "Molale Ofentse (BOT)"]
[Black "Al-Modiahki Mohamad (QAT)"]
[Result "0-1"]
[WhiteElo "2180"]
[BlackElo "2505"]

1.e4 c5 2.Ne2 Nc6 3.Nbc3 e6 4.d4 cxd4 5.Nxd4 Qc7 6.Be3 a6 7.a4 Nf6 8.Nb3 Bb4
9.Bd3 Ne5 10.Bd2 d5 11.Qe2 O-O 12.h3 Nc4 13.Nd1 Nxd2 14.Nxd2 dxe4 15.Bxe4
Bxd2+ 16.Kxd2 Qf4+ 17.Qe3 Nxe4+ 18.Ke2 Qf5 19.g4 Qd5 20.Nc3 Nxc3+ 21.Qxc3 Qe4+
22.Qe3 Qxc2+ 23.Kf3 f5 24.g5 Bd7 25.Kf4 e5+ {#R} 0-1

[Event "It (open) (b)"]
[Site "masterchessopen.com Koszalin (Poland)"]
[Round "10"]
[White "Semenova Irina (RUS)"]
[Black "Mashinskaya Iulia (RUS)"]
[Result "1-0"]
[WhiteElo "2230"]
[BlackElo "2325"]

1.e4 c5 2.Nf3 Nc6 3.d4 cxd4 4.Nxd4 Qc7 5.Nc3 e6 6.Be3 a6 7.Bd3 Nf6 8.O-O Bd6
9.f4 Nxd4 10.Bxd4 Bxf4 11.Rxf4 Qxf4 12.Qe2 d6 13.Rf1 Qg4 14.Qe3 e5 15.Bb6 O-O
16.Rxf6 gxf6 17.Nd5 Kg7 18.Be2 Qg5 19.Qf2 f5 20.exf5 Qxf5 21.Qh4 f6 22.Bd3
Qxd3 23.cxd3 Bf5 24.Be3 {#r} 1-0

[Event "It (open)"]
[Site "masterchessopen.com Montreal (Canada)"]
[Round "6"]
[White "Goldenberg Danny (CAN)"]
[Black "Pneumonidis Pantelis (CAN)"]
[Result "1-0"]
[WhiteElo "2325"]
[BlackElo "2096"]

1.e4 c5 2.Nf3 e6 3.Nc3 Nc6 4.d4 cxd4 5.Nxd4 Qc7 6.Be3 a6 7.Bd3 Nf6 8.O-O Be7
9.Qe2 O-O 10.Kh1 d6 11.f4 Re8 12.Rae1 Bd7 13.Nxc6 Bxc6 14.Bc1 Nd7 15.Qg4 Bf6
16.e5 dxe5 17.fxe5 Bxe5 18.Bxh7+ Kxh7 19.Qh5+ Kg8 20.Qxf7+ Kh8 21.Re3 Nf6
22.Rh3+ Nh7 23.Qg6 Bxg2+ 24.Kxg2 {#r} 1-0

[Event "Memorial T.Petrosian (juniors)"]
[Site "masterchessopen.com Moscow (Russia)"]
[Round "4"]
[White "Zakurdjaeva Irina (RUS)"]
[Black "Uchitel Stas (RUS)"]
[Result "0-1"]
[WhiteElo "2115"]
[BlackElo "2148"]

1.e4 c5 2.Nc3 Nc6 3.Nge2 e6 4.d4 cxd4 5.Nxd4 Qc7 6.Be3 a6 7.Bd3 Nf6 8.O-O Ne5
9.f4 Neg4 10.Bc1 Bc5 11.Be2 h5 12.Bxg4 Nxg4 13.h3 e5 14.Nd5 Qd6 15.c3 exd4
16.cxd4 Ba7 17.hxg4 hxg4 18.Be3 f5 19.Rc1 g3 20.Qf3 Rh1+ {#R} 0-1

[Event "It (open)"]
[Site "masterchessopen.com Sitges (Spain)"]
[Round "0"]
[White "Mitkov Nikola (MKD)"]
[Black "Castaner Halster Xavier (ESP)"]
[Result "1-0"]
[WhiteElo "2515"]
[BlackElo "2141"]

1.e4 c5 2.Nc3 Nc6 3.Nf3 e6 4.d4 cxd4 5.Nxd4 a6 6.Be3 Qc7 7.Nxc6 bxc6 8.Bd3 Nf6
9.O-O Be7 10.Na4 d5 11.exd5 cxd5 12.c4 O-O 13.Rc1 dxc4 14.Rxc4 Qd8 15.Kh1 {#r}
1-0

[Event "It (open)"]
[Site "masterchessopen.com Budapest (Hungary)"]
[Round "4"]
[White "Antal Gergely (HUN)"]
[Black "Herman Tamas (HUN)"]
[Result "1-0"]
[WhiteElo "2308"]
[BlackElo "2169"]

1.e4 c5 2.Nf3 Nc6 3.d4 cxd4 4.Nxd4 Qc7 5.Nc3 e6 6.Be3 a6 7.Bd3 Nf6 8.O-O Bd6
9.h3 O-O 10.Qd2 Nxd4 11.Bxd4 Bf4 12.Qe2 Be5 13.Bxe5 Qxe5 14.f4 Qc5+ 15.Kh1 d5
16.e5 Nd7 17.a4 Qb4 18.f5 Qxb2 19.f6 g6 20.Qd2 Kh8 21.Rfb1 Qxb1+ 22.Rxb1 {#r}
1-0

[Event "Memorial Elekes (cat.3)"]
[Site "masterchessopen.com Budapest (Hungary)"]
[Round "2"]
[White "Sedlak Nikola (SRB)"]
[Black "Somogyi Istvan (HUN)"]
[Result "1-0"]
[WhiteElo "2284"]
[BlackElo "2238"]

1.e4 c5 2.Nf3 e6 3.d4 cxd4 4.Nxd4 Nc6 5.Nc3 Qc7 6.Be3 a6 7.Bd3 Nf6 8.O-O Be7
9.f4 d6 10.Qf3 Bd7 11.a3 Rc8 12.Rae1 b5 13.Kh1 O-O 14.Nxc6 Bxc6 15.Qh3 g6
16.f5 Qd7 17.Bh6 Rfe8 18.Bg5 exf5 19.exf5 Nh5 20.Bxe7 Rxe7 21.Rxe7 Qxe7
22.fxg6 {#r} 1-0

[Event "Tournament"]
[Site "masterchessopen.com Guanabacoa (Cuba)"]
[Round "0"]
[White "Pulido Ariel (CUB)"]
[Black "Collazo Niala (ESP)"]
[Result "0-1"]
[WhiteElo "2267"]
[BlackElo "2123"]

1.e4 c5 2.Nf3 e6 3.d4 cxd4 4.Nxd4 Nc6 5.Nc3 Qc7 6.Be3 a6 7.Bd3 Nf6 8.Nb3 Ne5
9.h3 Nc4 10.Bc1 Bb4 11.O-O Nxb2 12.Bxb2 Bxc3 13.Ba3 b5 14.Rb1 b4 15.Bc1 Bb7
16.Qe2 O-O 17.Nd2 Qc6 18.Re1 d6 19.a3 a5 20.Qe3 Nd7 21.Qg5 Ne5 22.axb4 Bxb4
23.Re3 Nxd3 24.Rg3 g6 25.cxd3 Qc2 {#R} 0-1

[Event "Tournament (juniors) (under 20)"]
[Site "masterchessopen.com Madrid (Spain)"]
[Round "3"]
[White "Pina Sierra Julia (ESP)"]
[Black "Serrano Salvador Eduardo (ESP)"]
[Result "0-1"]
[WhiteElo "1999"]
[BlackElo "2089"]

1.e4 c5 2.Nf3 e6 3.d4 cxd4 4.Nxd4 Nc6 5.Nc3 Qc7 6.Be3 a6 7.a4 Nf6 8.Bc4 Bb4
9.Bd3 d5 10.exd5 Nxd5 11.Ne2 Nxe3 12.fxe3 Ne5 13.O-O Ng4 14.Rf4 h5 15.h3 Nxe3
16.Qd2 Bc5 17.Kh1 Ng4 18.Rf3 Qh2# 0-1

[Event "Ch Germany (juniors) (under 16)"]
[Site "masterchessopen.com Oberhof (Germany)"]
[Round "7"]
[White "Schumacher Dennis (GER)"]
[Black "Tydecks Hermann (GER)"]
[Result "0-1"]
[WhiteElo "2085"]
[BlackElo "2197"]

1.e4 c5 2.Nf3 Nc6 3.d4 cxd4 4.Nxd4 Qc7 5.Nc3 e6 6.Be3 a6 7.a4 Nf6 8.Be2 Bb4
9.f3 d5 10.Nxc6 Qxc6 11.Bd4 dxe4 12.Bxf6 gxf6 13.Qd4 Bxc3+ 14.Qxc3 e5 15.Qb4
Rg8 16.O-O-O Bd7 17.Kb1 Rxg2 18.Rd6 a5 19.Qa3 Qxa4 20.Qxa4 Bxa4 21.Bd1 Ke7
22.Rb6 Bc6 23.fxe4 Bxe4 {#R} 0-1

[Event "Tournament"]
[Site "masterchessopen.com Sao Paulo (Brazil)"]
[Round "9"]
[White "Martinez Carlos Alejandro (BRA)"]
[Black "Chang Suzana (BRA)"]
[Result "1-0"]
[WhiteElo "2460"]
[BlackElo "2001"]

1.e4 c5 2.Nc3 Nc6 3.Nf3 e6 4.d4 cxd4 5.Nxd4 a6 6.Be3 Qc7 7.Bd3 Nf6 8.O-O Be7
9.f4 d6 10.Qf3 Nxd4 11.Bxd4 e5 12.fxe5 dxe5 13.Nd5 {#r} 1-0

[Event "Memorial Ozdi"]
[Site "masterchessopen.com Harkany (Hungary)"]
[Round "5"]
[White "Rajlich Vasik G (USA)"]
[Black "Dovzik Juri (UKR)"]
[Result "0-1"]
[WhiteElo "2297"]
[BlackElo "2435"]

1.e4 c5 2.Nf3 e6 3.d4 cxd4 4.Nxd4 Nc6 5.Nc3 Qc7 6.Be3 a6 7.Qd2 Nf6 8.f3 Bb4
9.a3 Be7 10.O-O-O b5 11.Bf4 e5 12.Nd5 Nxd5 13.exd5 Nxd4 14.Qxd4 d6 {#R} 0-1

[Event "It (open) \"]
[Site "masterchessopen.com Amsterdam (Netherlands)"]
[Round "0"]
[White "De Vilder Hans (NED)"]
[Black "Kiseleva Natalia (UKR)"]
[Result "1-0"]
[WhiteElo "2146"]
[BlackElo "2323"]

1.e4 c5 2.Nf3 e6 3.d4 cxd4 4.Nxd4 Nc6 5.Nc3 Qc7 6.Be3 a6 7.Bd3 Nf6 8.O-O Bd6
9.f4 Bc5 10.Nf5 Bxe3+ 11.Nxe3 d6 12.Kh1 O-O 13.Rf3 b5 14.Rh3 Nb4 15.e5 Nxd3
16.Qxd3 dxe5 17.Ng4 Rd8 18.Nxf6+ gxf6 19.Qxh7+ Kf8 20.Ne4 {#r} 1-0

[Event "It (open)"]
[Site "masterchessopen.com Bad Wiessee (Germany)"]
[Round "3"]
[White "Naumann Alexander (GER)"]
[Black "Kragelj Igor (SLO)"]
[Result "1-0"]
[WhiteElo "2489"]
[BlackElo "2255"]

1.e4 c5 2.Nf3 Nc6 3.d4 cxd4 4.Nxd4 Qc7 5.Nc3 e6 6.Be3 a6 7.Bd3 Nf6 8.O-O Ne5
9.h3 Bc5 10.Kh1 d6 11.f4 Nxd3 12.cxd3 b5 13.Qf3 e5 14.Nc2 b4 15.fxe5 dxe5
16.Bxc5 bxc3 17.b4 Be6 18.d4 exd4 19.Nxd4 O-O-O 20.Rac1 Kb7 21.Rxc3 {#r} 1-0

[Event "It (open) \"]
[Site "masterchessopen.com Budapest (Hungary)"]
[Round "2"]
[White "Ni Hua (CHN)"]
[Black "Herman Tamas (HUN)"]
[Result "1-0"]
[WhiteElo "2490"]
[BlackElo "2231"]

1.e4 c5 2.Nf3 Nc6 3.d4 cxd4 4.Nxd4 Qc7 5.Nc3 e6 6.Be3 a6 7.Bd3 Nf6 8.O-O Bd6
9.Nxc6 bxc6 10.f4 e5 11.f5 h5 12.h3 Rb8 13.Na4 Be7 14.c4 d5 15.cxd5 cxd5
16.Rc1 Qa5 17.Ba7 Ra8 18.Bb6 Qb4 19.a3 Qd6 20.Bc7 {#r} 1-0

[Event "Tournament (team) \"]
[Site "masterchessopen.com Buenos Aires (Argentina)"]
[Round "5"]
[White "Mela Benjamin (ARG)"]
[Black "Iacobacci Eduardo (ARG)"]
[Result "1-0"]
[WhiteElo "2273"]
[BlackElo "2215"]

1.e4 c5 2.Nf3 e6 3.Nc3 Nc6 4.d4 cxd4 5.Nxd4 Qc7 6.Be3 a6 7.Bd3 Nf6 8.O-O b6
9.Nxc6 dxc6 10.f4 Be7 11.Bd4 c5 12.Bxf6 gxf6 13.f5 c4 14.Be2 O-O 15.Bh5 Bd6
16.Qg4+ Kh8 17.Qh4 Be5 18.Rf3 Rg8 19.Raf1 Rg7 20.Rh3 {#r} 1-0

[Event "It (open)"]
[Site "masterchessopen.com Calcutta (India)"]
[Round "7"]
[White "Bakre Tejas (IND)"]
[Black "Horvath Jozsef_ (HUN)"]
[Result "0-1"]
[WhiteElo "2358"]
[BlackElo "2558"]

1.e4 c5 2.Nf3 Nc6 3.d4 cxd4 4.Nxd4 Qc7 5.Nc3 e6 6.Be3 a6 7.Bd3 Nf6 8.O-O Ne5
9.h3 Bc5 10.Kh1 d6 11.f4 Ng6 12.Qe1 O-O 13.f5 Ne5 14.Qh4 Bd7 15.g4 Qb6 16.g5
Nh5 17.Qxh5 Bxd4 18.Bxd4 Qxd4 19.Rf4 Qe3 20.Raf1 g6 21.Qh6 f6 22.fxg6 Nxg6
23.Rxf6 Rxf6 24.Rxf6 {#R} 0-1

[Event "Ch India (b)"]
[Site "masterchessopen.com Jamshedpur (India)"]
[Round "5"]
[White "Joshi G B (IND)"]
[Black "Sandipan Chanda (IND)"]
[Result "0-1"]
[WhiteElo "2271"]
[BlackElo "2446"]

1.e4 c5 2.Nf3 e6 3.d4 cxd4 4.Nxd4 Nc6 5.Nc3 Qc7 6.Be3 a6 7.Bd3 Nf6 8.O-O Ne5
9.h3 Bc5 10.Kh1 d6 11.f4 Ng6 12.Qe1 O-O 13.f5 Ne5 14.g4 d5 15.exd5 exd5 16.Qh4
Nxd3 17.cxd3 Re8 18.Bf4 Qb6 19.Nf3 Qxb2 20.Na4 Qb4 21.g5 Bxf5 {#R} 0-1

[Event "Match \"]
[Site "masterchessopen.com Jonsdorf (Germany)"]
[Round "2"]
[White "Schneider David (GER)"]
[Black "Rosenblatt Marcus (GER)"]
[Result "1-0"]
[WhiteElo "2258"]
[BlackElo "1965"]

1.e4 c5 2.Nf3 e6 3.d4 cxd4 4.Nxd4 a6 5.Nc3 Qc7 6.Be3 Nc6 7.Qd2 b5 8.Nxc6 Qxc6
9.f3 Be7 10.Bd3 Bb7 11.Bd4 Bf6 12.e5 Bh4+ 13.Ke2 f6 14.Ne4 fxe5 15.Bxe5 Bf6
16.Nd6+ Ke7 17.Be4 Qc7 18.Nf5+ {#r} 1-0

[Event "It (open)"]
[Site "masterchessopen.com Kassel (Germany)"]
[Round "7"]
[White "Nigl Andreas (GER)"]
[Black "Gros Dirk (GER)"]
[Result "1-0"]
[WhiteElo "2100"]
[BlackElo "2111"]

1.e4 c5 2.Nf3 Nc6 3.d4 cxd4 4.Nxd4 a6 5.Be3 Qc7 6.Nc3 e6 7.f4 d6 8.Qf3 Nf6
9.O-O-O Be7 10.Bd3 b5 11.e5 Nd5 12.Nxd5 exd5 13.Qxd5 Bb7 14.exd6 Qxd6 15.Qxd6
Bxd6 16.Nf5 Bf8 17.Bb6 f6 18.Rhe1+ Kf7 19.Be4 {#r} 1-0

[Event "It (open)"]
[Site "masterchessopen.com Las Vegas (USA)"]
[Round "3"]
[White "Mitkov Nikola (MKD)"]
[Black "Tegshsuren Enkhb (USA)"]
[Result "1-0"]
[WhiteElo "2532"]
[BlackElo "2415"]

1.e4 c5 2.Nc3 e6 3.Nf3 a6 4.d4 cxd4 5.Nxd4 Nc6 6.Be3 Qc7 7.Bd3 Nf6 8.O-O Bd6
9.f4 Nxd4 10.e5 Bxe5 11.fxe5 Qxe5 12.Bf4 Qh5 13.Qd2 O-O 14.Rae1 Ng4 15.Bd6 Rd8
16.h3 Nh6 17.Bxh7+ Kxh7 18.Qxd4 Qg6 19.Re3 f6 20.Rg3 Qf7 21.Qh4 Kh8 22.Ne4
{#r} 1-0

[Event "It (open)"]
[Site "masterchessopen.com Mallorca (Spain)"]
[Round "1"]
[White "Oliver Font Jose Luis (ESP)"]
[Black "Teran Alvarez Ismael (ESP)"]
[Result "0-1"]
[WhiteElo "1867"]
[BlackElo "2347"]

1.e4 c5 2.Nf3 e6 3.d4 cxd4 4.Nxd4 Nc6 5.Nc3 Qc7 6.Be3 a6 7.Qd2 Nf6 8.f3 Ne5
9.a3 b5 10.Na2 Bb7 11.g4 h6 12.O-O-O Rc8 13.Kb1 Be7 14.Rc1 d5 15.exd5 Nxd5
16.Bf2 Bg5 17.Qe1 Bxc1 18.Qxc1 Nc4 19.Bxc4 bxc4 20.Qe1 O-O 21.Bg3 Qb6 22.Ne2
Rfe8 23.h4 e5 24.Nac3 Qe3 25.Qf1 Nxc3+ {#R} 0-1